000 01328pab a2200169 454500
008 180718b1999 xxu||||| |||| 00| 0 eng d
100 _aRoy, Tirthankar
245 _aGrowth and recession in small-scale industry: a study of Tamil Nadu powerlooms
260 _c1999
300 _ap.3137-145
362 _a30 Oct
520 _aThe powerloom industry has done exceptionally well in India, in the long run and especially during an export boom after trade liberalisation in the late 1980s. Its growth illustrates several intuitions of recent international literature on small firm dynamics. An export recession in 1996-98, however, showed that the growth had happened without basic changes in the technological and organisational capability of the industry. Using the example of an export-oriented weaving region, the paper describes the origin and presents conditions of the industry, its major handicaps, how it tries to address its handicaps, and what kind of policy initiatives may be needed to deal with them. The paper also suggests that some recent changes in organisation and technology in the industry can be seen as attempts to deal with these weaknesses. - Reproduced
650 _aTamil Nadu - Industries, Small scale
650 _aSmall scale industry
773 _aEconomic and Political Weekly
909 _a42986
999 _c42986
_d42986